Países que más se extienden de oeste a este - Estadísticas

Estadísticas generales
  • Esta prueba ha sido intentada 33 veces
  • La puntuación promedio es 5 de 6
Estadísticas de respuestas
Extensión País % Correcto
~4500km Estados Unidos
100%
~10000km Rusia
100%
~7500km Canadá
97%
~5000km China
93%
~3000km Kazajistán
77%
~3800km Argentina
33%
No se encontraron pruebas coincidentes
Distribución de puntuación
Porcentaje de gente con cada puntuación
Porcentaje por número respondido
Historial de tus puntuaciones
No has intentado esta prueba.